Central Library OPAC University of Rajshahi

বাংলার জনপদ জনগোষ্ঠি ও শাসকগণ / (Record no. 75040)

MARC details
000 -LEADER
fixed length control field 01008nam a2200241 a 4500
001 - CONTROL NUMBER
control field 75040
003 - CONTROL NUMBER IDENTIFIER
rucl marc code BD-RjUL
005 - DATE AND TIME OF LATEST TRANSACTION
control field 20211209082633.0
008 - FIXED-LENGTH DATA ELEMENTS--GENERAL INFORMATION
fixed length control field 190113b2018 bg ||||| b||| 00| 0 ben d
020 ## - INTERNATIONAL STANDARD BOOK NUMBER
International Standard Book Number 9789849303121
Terms of availability : 300.00
035 ## - SYSTEM CONTROL NUMBER
System control number (BD-RjUL)75258
040 ## - CATALOGING SOURCE
Original cataloging agency BD-RjUL
Language of cataloging ben
Transcribing agency BD-RjUL
Modifying agency BD-RjUL
Description conventions BD-RjUL
041 ## - LANGUAGE CODE
Language code of text/sound track or separate title ben
082 ## - DEWEY DECIMAL CLASSIFICATION NUMBER
Edition number 23
Classification number 954.14
Author mark and year HOB 2018
100 1# - MAIN ENTRY--PERSONAL NAME
Personal name হোসেন, মোহাম্মদ আখতার
9 (RLIN) 226900
245 1# - TITLE STATEMENT
Title বাংলার জনপদ জনগোষ্ঠি ও শাসকগণ /
Statement of responsibility, etc. প্রফেসর ড. মোহাম্মদ আখতার হোসেন
260 ## - PUBLICATION, DISTRIBUTION, ETC. (IMPRINT)
Place of publication, distribution, etc. ঢাকা :
Name of publisher, distributor, etc. প্রত্যাশা প্রকাশনী,
Date of publication, distribution, etc. ২০১৮
300 ## - PHYSICAL DESCRIPTION
Pagination ১৯১ পৃ. ;
Size ২০ সেমি.
504 ## - BIBLIOGRAPHY, ETC. NOTE
Bibliography, etc গ্রন্থপঞ্জি সংযুক্ত।
650 ## - SUBJECT ADDED ENTRY--TOPICAL TERM
Topical term or geographic name as entry element বাংলা (ভারত)
General subdivision ইতিহাস।
9 (RLIN) 226901
Topical term or geographic name as entry element Bengal (India)
General subdivision History.
9 (RLIN) 226902
942 ## - ADDED ENTRY ELEMENTS (KOHA)
Source of classification or shelving scheme Dewey Decimal Classification
Koha item type Books
Holdings
Lost status Source of classification or shelving scheme Damaged status Not for loan Collection code Permanent Location Current Location Shelving location Date acquired Source of acquisition Cost, normal purchase price Total Checkouts Full call number Date last seen Copy number Koha item type Total Renewals Date checked out
  Dewey Decimal Classification   Not For Loan Non-fiction Central Library, University of Rajshahi Central Library, University of Rajshahi Reading Room 08/08/2018 Akhter Hossain, Dept of Folklore 300.00   B 954.14 HOB 2018 13/01/2019 C-1 Books    
  Dewey Decimal Classification     Non-fiction Central Library, University of Rajshahi Central Library, University of Rajshahi   08/08/2018 Akhter Hossain, Dept of Folklore 300.00 18 B 954.14 HOB 2018 15/05/2025 C-2 Books   30/04/2025